000 00459nam a2200157Ia 4500
003 IN-BaIIA
008 211028s9999 xx 000 0 eng d
040 _cIIA Library
080 _a528.235
_bKEL
100 _aKellaway, George P.
_92822
245 0 _aMap projections: with 75 diagrams
_cGeorge P. Kellaway
260 _aLondon
_bMethuen
_c1946
300 _aviii, 127p.
650 _aMap projection
_92823
942 _cBK
999 _c1369
_d1369